A 13-as bunker

Bibliographic Details
Main Author: Bahal, Aniruddha (Author)
Other Authors: Szabó, Július, 1907-1972 (Illustrator), Gálik, Ivett, 1975- (Translator)
Format: Article
Language:Hungarian
English
PhysicalDescription:Obr.
ISSN:1336-5088
Subjects:

MARC

LEADER 00000nab a2200000 ar4500
001 vtls009007287
003 SK-MaSNL
005 20260303065437.0
008 070713c2007 xo |||||||| |000 b|hun
015 |a SNBRB2007/07  |2 snkbucl 
038 |a SNKBUCL 
040 |a DSZK  |b slo  |c DSZK  |e AACR2 
041 1 |a hun  |h eng 
044 |a xo  |c SK 
080 |a 821.214-31=511.141  |2 1997 
100 1 |a Bahal, Aniruddha  |4 aut  |9 1065502 
245 1 0 |a A 13-as bunker  |c Aniruddha Bahal ; fordította Gálik Ivett ; illusztrálta Szabó Gyula 
300 |b Obr. 
500 |a Preklad z angličtiny 
500 |a Úvodná poznámka o autorovi 
650 0 7 |a spoločenské romány, indické  |x úryvky  |2 snkbucl  |9 1065503 
700 1 |a Szabó, Július,  |d 1907-1972  |4 ill 
700 1 |a Gálik, Ivett,  |d 1975-  |4 trl  |9 889251 
773 0 |t Irodalmi szemle  |g Évf. L, sz. 6 (2007), o. 44-53  |x 1336-5088 
852 |a SNK  |b KIS3GCP 
852 |a DSZK  |b KIS3GCP 
958 |a HU 
958 |a IN 
958 |a LX 
999 |c 1751218  |d 1753148